header

Handbook of pediatric cardiovascular drugs (Record no. 117146)

MARC details
000 -LEADER
fixed length control field 01237nam a2200313Ia 4500
245 00 - TITLE STATEMENT
Title Handbook of pediatric cardiovascular drugs
260 ## - PUBLICATION, DISTRIBUTION, ETC. (IMPRINT)
Place of publication London :
Name of publisher Springer,
Year of publication c2008.
300 ## - PHYSICAL DESCRIPTION
Number of Pages xiii, 356 p. :
Other physical details ill.
650 #0 - SUBJECT ADDED ENTRY--TOPICAL TERM
Topical Term Cardiovascular agents.
Topical Term Cardiovascular system
Topical Term Pediatric cardiology.
700 1# - ADDED ENTRY--PERSONAL NAME
Personal name Munoz, Ricardo
856 40 - ELECTRONIC LOCATION AND ACCESS
Uniform Resource Identifier http://site.ebrary.com/lib/rucke/Doc?id=10197287

No items available.

© 2026 Rongo University
Contact us: librarian | system librarian | Rongo university